| 000 | 00823nam a2200253#a 4500 | ||
|---|---|---|---|
| 001 | 01662 | ||
| 003 | HDC | ||
| 007 | ta | ||
| 008 | 230623s1992 xx 000 0 eng d | ||
| 020 | _a0553074253 (hbk) | ||
| 040 | _aHDC | ||
| 050 |
_aP95 _b.W87 1992 |
||
| 100 |
_aWurman, Richard Saul, _d1935-. |
||
| 245 | 0 |
_aFollow the yellow brick road : _blearning to give, take, and use instructions / _cRichard Saul Wurman with Loring Leifer ; introduction by John Sculley ; drawings by Ed Koren and Larry Gonick. |
|
| 264 |
_aNew York : _bBantam Books, _cc1992. |
||
| 300 |
_axxxv,387p. : _b ill. ; _c 25cm. |
||
| 500 | _aIncludes bibliographical references (p. 378-381) and index. | ||
| 650 | _aOral communication. | ||
| 700 | _aLeifer, Loring. | ||
| 942 | _2lcc | ||
| 942 | _cBK | ||
| 942 | _kP95 | ||
| 942 | _m.W87 1992 | ||
| 999 |
_c23228 _d23228 |
||